000 00809nam a22001817a 4500
999 _c59270
_d59270
005 20221226165125.0
008 221226s1948ru xxu||||| |||| 00| 0 rus d
041 _arus
080 _a821.161.1 Л - 49
100 _aЛермонтов, М.Ю
_916589
245 _a Полное собрание сочинений В 4 томах :
_bТ 2 : Поэмы и Повести В СТИХАХ /
_cМ.Ю. Лермонтов, Ред: Г,Макогоненко.
264 _a М.-Л.:
_bОГИЗ Гослитиздат,
_c1948.
300 _a514 стр,
_b22 см.
653 _aПоэмы и Повести В СТИХАХ
653 _a პოემები ლექსები და ზღაპრები
700 _aМакогоненко. Г
_eრედაქტორი
_916591
942 _2udc
_cBK